000 00514nam a2200193Ia 4500
005 20250923145435.0
008 008 250917s9999 xx 000 0 eng d
037 _aTextual
040 _aDSWL
_beng
_cDSWL
041 _aeng
_2eng
084 _aY12:4x2, N71;1
_qDSWL
245 0 _aIndian Youth
_c Ed. by Prayag Mehta
260 _aBombay
_bSomaiya
_c1971
300 _axii,194 p.
365 _aINR
_b10
925 _g10
942 _cTEXL
_hY12:4x2, N71;1
999 _c1451378
_d1451378